000
00309nam a22001217a 4500
008
160523b xxu||||| |||| 00| 0 eng d
020
_a
9780312677299
020
_a
0312677294
041
_a
eng
080
_a
003.2
245
_a
The compact bedford introduction to literature:
_c
Michael Meyer;
942
_2
udc
_c
BK
999
_c
2391
_d
2391